Motor vehicle theft in Europe: international cooperation in the prevention and control of the theft of and illicit trafficking in motor vehicles
| Main Author: | |
|---|---|
| Format: | Print Book |
| Language: | English |
| Published: |
Helsinki
European Inst. for Crime Prevention and Control
1997
|
| In: |
HEUNI papers (9)
Year: 1997 |
| Availability in Tübingen: | Present in Tübingen. IFK: Z 155 UB: KB 8 E 6740 |
| Check availability: | HBZ Gateway |
| Subito Delivery Service: | Order now. |
MARC
| LEADER | 00000cam a2200000 c 4500 | ||
|---|---|---|---|
| 001 | 1128040352 | ||
| 003 | DE-627 | ||
| 005 | 20251204010755.0 | ||
| 007 | tu | ||
| 008 | 970325s1997 xx ||||| 00| ||eng c | ||
| 035 | |a (DE-627)1128040352 | ||
| 035 | |a (DE-576)058040358 | ||
| 035 | |a (DE-599)BSZ058040358 | ||
| 035 | |a (OCoLC)76857732 | ||
| 040 | |a DE-627 |b ger |c DE-627 |e rakwb | ||
| 041 | |a eng | ||
| 084 | |a PH 8000 |2 rvk |0 (DE-625)rvk/136482: | ||
| 100 | 1 | |a Liukkonen, Markku |4 aut | |
| 245 | 1 | 0 | |a Motor vehicle theft in Europe |b international cooperation in the prevention and control of the theft of and illicit trafficking in motor vehicles |c Markku Liukkonen |
| 264 | 1 | |a Helsinki |b European Inst. for Crime Prevention and Control |c 1997 | |
| 300 | |a 27 S. |b Kt. | ||
| 336 | |a Text |b txt |2 rdacontent | ||
| 337 | |a ohne Hilfsmittel zu benutzen |b n |2 rdamedia | ||
| 338 | |a Band |b nc |2 rdacarrier | ||
| 490 | 1 | |a HEUNI papers |v 9 | |
| 583 | 1 | |a Archivierung prüfen |c 20200919 |f DE-640 |z 3 |2 pdager | |
| 830 | 0 | |a HEUNI papers |v 9 |9 9 |w (DE-627)1032537442 |w (DE-576)037130455 |w (DE-600)2944885-2 |x 1236-8245 |7 am | |
| 936 | r | v | |a PH 8000 |b Schriftenreihen, Serien, Kongressberichte, Sammelwerke |k Rechtswissenschaft |k Strafrecht, Strafverfahrensrecht, Kriminologie |k Kriminologie |k Allgemeines |k Schriftenreihen, Serien, Kongressberichte, Sammelwerke |0 (DE-627)127212715X |0 (DE-625)rvk/136482: |0 (DE-576)20212715X |
| 951 | |a BO | ||
| ELC | |b 1 | ||
| LOK | |0 000 xxxxxcx a22 zn 4500 | ||
| LOK | |0 001 2301898393 | ||
| LOK | |0 003 DE-627 | ||
| LOK | |0 004 1128040352 | ||
| LOK | |0 005 19980409000000 | ||
| LOK | |0 008 970401||||||||||||||||ger||||||| | ||
| LOK | |0 040 |a DE-21 |c DE-627 |d DE-21 | ||
| LOK | |0 852 |a DE-21 | ||
| LOK | |0 852 1 |c KB 8 E 6740 |9 00 | ||
| LOK | |0 935 |a krim | ||
| LOK | |0 936ln |a k3.3.1 | ||
| LOK | |0 939 |a 01-04-97 |b l01 | ||
| LOK | |0 000 xxxxxcx a22 zn 4500 | ||
| LOK | |0 001 2602787876 | ||
| LOK | |0 003 DE-627 | ||
| LOK | |0 004 1128040352 | ||
| LOK | |0 005 20090616104318 | ||
| LOK | |0 008 090616||||||||||||||||ger||||||| | ||
| LOK | |0 040 |a DE-21-110 |c DE-627 |d DE-21-110 | ||
| LOK | |0 852 |a DE-21-110 | ||
| LOK | |0 852 1 |c Z 155 |m p |9 00 | ||
| LOK | |0 866 |x keine Inv.Nr. | ||
| LOK | |0 935 |a i110 | ||
| LOK | |0 938 |k p | ||
| LOK | |0 939 |a 16-06-09 |b l01 | ||
| ORI | |a SA-MARC-krimdoka001.raw | ||
| SIG | |a IFK: Z 155 | ||
| SIG | |a UB: KB 8 E 6740 | ||
